| 000 | 00511nam a2200169 a 4500 | ||
|---|---|---|---|
| 005 | 20210223125425.0 | ||
| 008 | 040827s1991 mx r 000 0 spa d | ||
| 035 | _aUPN01000134419 | ||
| 049 | _aCG | ||
| 050 | 4 |
_aHD38.25 M6 _bE3.3 |
|
| 245 | 0 | 3 |
_aEl ejecutivo mexicano en el año 2000 / _cPatricia Milonás ... [et al.]. |
| 260 |
_aMonterrey : _bITESM, _c1991. |
||
| 300 |
_a83, [13] p. : _bgráfs., tablas |
||
| 650 | 4 |
_aEJECUTIVOS - _zMEXICO _918442 |
|
| 700 | 1 |
_aMilonás, Patricia, _ecoaut. |
|
| 905 | _aLibro | ||
| 999 |
_c106570 _d106570 |
||